Микро-макроэкономика: Практикум

Podrobná bibliografie
Další autoři: Огибин Ю. А. (редактор)
Jazyk:ruština
Vydáno: Санкт-Петербург, Литера плюс, 1994
Témata:
Médium: Kniha
KOHA link:https://koha.lib.tpu.ru/cgi-bin/koha/opac-detail.pl?biblionumber=18158

MARC

LEADER 00000nam0a2200000 4500
001 18158
005 20231030191203.0
010 |a 5876860012 
035 |a (RuTPU)RU\TPU\book\18307 
035 |a BOOK00002995 
090 |a 18158 
100 |a 20011209d1994 m y0rusy50 ca 
101 0 |a rus 
102 |a RU 
105 |a y j 000zy 
200 1 |a Микро-макроэкономика  |e Практикум  |f под ред. Ю. А. Огибина 
210 |a Санкт-Петербург  |c Литера плюс  |c Санкт-Петербург оркестр  |d 1994 
215 |a 432 с. 
610 1 |a экономика 
610 1 |a экономическая теория 
610 1 |a микроэкономика 
610 1 |a макроэкономика 
610 1 |a учебные пособия 
610 1 |a рыночная экономика 
610 1 |a государственное регулирование 
610 1 |a спрос 
610 1 |a потребительское поведение 
610 1 |a совершенная конкуренция 
610 1 |a производство 
610 1 |a рынок 
610 1 |a экономическое благосостояние 
610 1 |a монополистическая конкуренция 
610 1 |a олигополия 
610 1 |a общее экономическое равновесие 
610 1 |a национальное превосходство 
610 1 |a национальное производство 
610 1 |a макроэкономическая нестабильность 
610 1 |a макроэкономическое равновесие 
610 1 |a безработица 
610 1 |a инфляция 
610 1 |a кейнсианские модели 
610 1 |a фискальная политика 
610 1 |a экономические циклы 
610 1 |a деньги 
610 1 |a банковская система 
610 1 |a кредитно-денежная политика 
610 1 |a монетаризм 
610 1 |a бюджетный дефицит 
610 1 |a государственный долг 
610 1 |a экономический рост 
610 1 |a международная торговля 
610 1 |a торговая политика 
610 1 |a валютные курсы 
610 1 |a международная торговля 
610 1 |a платежный баланс 
686 |a У012я73  |v LBC/SL-A  |2 rubbk 
702 1 |a Огибин  |b Ю. А.  |4 340 
801 0 |a RU  |b 63413507  |c 20011209  |g PSBO 
801 2 |a RU  |b 63413507  |c 20201110  |g PSBO 
942 |c BK